| 000 | 00359 a2200121 4500 | ||
|---|---|---|---|
| 001 | 54467 | ||
| 082 | _a620.0042 CAL | ||
| 090 |
_c33904 _d33904 |
||
| 100 | _aCallafiore, Giuseppe | ||
| 245 |
_aProbabilistic and randomized methods for design under uncertainty _cGiuseppe calafiroe |
||
| 260 |
_aLondon _bSpringer-verlag _c2006 |
||
| 600 | _afabrizio dabbene | ||
| 942 |
_aNUST-CAE _k620.0042 CAL |
||
| 999 |
_c289540 _d289540 |
||